000 00695nam a2200217 a 4500
003 DO-SdBNP
005 20240305124236.0
007 ta
008 211215e2020 dr ao||gr|||| 001 p spa d
040 _aDO-SdBNP
_bspa
_cBNPHU
082 4 _222
_bG216p
100 1 _956328
_aGarcía Alba, María,
_d1961-
245 1 0 _aProsas, versos y décimas para tí /
_bMaría García Alba; Editor, Leo Silverio
260 _aSanto Domingo :
_bCafé Ritual,
_c2020
300 _a52 p. :
_bil., fotogr. ;
_c23 cm.
500 _aIncluye datos biográficos de la autora en la solapa de la cubierta.
590 _aInventariado 2021 / MF
700 1 _aSilverio, Leo
_975122
910 _aMFeliz
942 _2ddc
_cLBS1
999 _c51128
_d51128